000
00294nam a22001337a 4500
082
_a
823
_b
SAS/W
100
_a
SASI, MADAVOOR
245
_a
WISDOM IS STRENGTH
260
_a
THRISSUR
_b
H&C
300
_a
48
520
_a
ENGLISH SHORT STORY
650
_a
ENGLISH SHORT STORY
_z
KERALA
942
_c
BK
999
_c
5820
_d
5820